Southville International School and Colleges
Your cart is empty.
  • Cart
  • Lists
    Public lists Eva Luna New books Lux_list list_1
    Your lists Log in to create your own lists
  • Log in to your account
  • Your cookies
  • Search history
Southville International School and Colleges
  • Advanced search
  • Recent comments
  • Most popular
  • Libraries

Log in to your account

Log in with GOOGLE


If you do not have an external account, but do have a local account, you can still log in:

  1. Home
  2. MARC view: Funadmentals of accounting principles :
Normal view MARC view ISBD view

Funadmentals of accounting principles : (Record no. 14183)

[ view plain ]
MARC details
000 -LEADER
fixed length control field 00510nam a22001577a 4500
003 - CONTROL NUMBER IDENTIFIER
control field PILC
005 - DATE AND TIME OF LATEST TRANSACTION
control field 20150112093425.0
008 - FIXED-LENGTH DATA ELEMENTS--GENERAL INFORMATION
fixed length control field 130215t xxu||||| |||| 00| 0 eng d
020 ## - INTERNATIONAL STANDARD BOOK NUMBER
International Standard Book Number 9780256082258
050 ## - LIBRARY OF CONGRESS CALL NUMBER
Classification number HF 5635
Item number .L334 1990
082 ## - DEWEY DECIMAL CLASSIFICATION NUMBER
Classification number ASF 657.21
Item number L32 1990
245 ## - TITLE STATEMENT
Title Funadmentals of accounting principles :
Statement of responsibility, etc Kermit D. Larson
Remainder of title Study guide with solutions. vol. 2. /
260 ## - PUBLICATION, DISTRIBUTION, ETC. (IMPRINT)
Place of publication, distribution, etc Homewood, IL and Boston, MA
Name of publisher, distributor, etc Irwin
Date of publication, distribution, etc 1990.
300 ## - PHYSICAL DESCRIPTION
Extent 200 pages :
Other physical details illustration ;
Dimensions 28 cm.
942 ## - ADDED ENTRY ELEMENTS (KOHA)
Source of classification or shelving scheme Library of Congress Classification
Koha item type Books
Holdings
Withdrawn status Lost status Source of classification or shelving scheme Damaged status Home library Current library Shelving location Date acquired Total Checkouts Full call number Barcode Date last seen Date checked out Copy number Price effective from Koha item type
    Library of Congress Classification   Southville International School Affiliated with Foreign Universities Library Southville International School Affiliated with Foreign Universities Library Southville Foreign University Section 02/15/2013 2 HF5635 .L334 1990 SFU0697 05/15/2018 03/05/2015 1 11/06/2013 Books

Funadmentals of accounting principles :

APA

(1990). Funadmentals of accounting principles. Homewood, IL and Boston, MA: Irwin.

Chicago

1990. Funadmentals of accounting principles. Homewood, IL and Boston, MA: Irwin.

Harvard

(1990). Funadmentals of accounting principles. Homewood, IL and Boston, MA: Irwin.

MLA

Funadmentals of accounting principles. Homewood, IL and Boston, MA: Irwin. 1990.

  • Place hold
  • Print
  • Cite
  • Add to your cart (remove)
  • Save record
    BIBTEX Dublin Core MARCXML MARC (non-Unicode/MARC-8) MARC (Unicode/UTF-8) MARC (Unicode/UTF-8, Standard) MODS (XML) RIS
  • More searches
    Search for this title in:
    Other Libraries (WorldCat) Other Databases (Google Scholar) Online Stores (Bookfinder.com) Open Library (openlibrary.org)

Exporting to Dublin Core...

SOUTHVILLE LIBRARY

Southville International School and Colleges Library

1281 Tropical Ave. Cor. Luxembourg St., BF Homes International, Las Pinas City

Tel. No. 8256374 / 252358 Loc. 117/146

Powered by Koha